| 000 | 01898cam a22004094a 4500 | ||
|---|---|---|---|
| 090 | _c10121 | ||
| 001 | 1684401 | ||
| 005 | 20030122104208.0 | ||
| 008 | 990119s1999 enk b 001 0 eng | ||
| 010 | _a 99012564 | ||
| 020 | _a0521643694 (hardback) | ||
| 020 | _a0521643821 (pbk.) | ||
| 040 |
_aDLC _cDLC _dDLC |
||
| 042 | _apcc | ||
| 043 |
_aew----- _as------ |
||
| 050 | 0 | 0 |
_aJN94.A91 _bC62 1999 |
| 082 | 0 | 0 |
_a320.91821 _221 _bCOL |
| 100 | 1 | _aCollier, Ruth Berins. | |
| 245 | 1 | 0 |
_aPaths toward democracy : _bthe working class and elites in Western Europe and South America / _cRuth Berins Collier. |
| 260 |
_aCambridge, UK ; _aNew York : _bCambridge University Press, _cc.1999. |
||
| 300 |
_axii, 230 p. ; _c24 cm. |
||
| 440 | 0 | _aCambridge studies in comparative politics | |
| 504 | _aIncludes bibliographical references (p. 199-221) and index. | ||
| 650 | 0 |
_aDemocracy _zEurope, Western. |
|
| 650 | 0 |
_aElite (Social sciences) _zEurope, Western _xPolitical activity. |
|
| 650 | 0 |
_aWorking class _zEurope, Western _xPolitical activity. |
|
| 650 | 0 |
_aDemocracy _zSouth America. |
|
| 650 | 0 |
_aElite (Social sciences) _zSouth America _xPolitical activity. |
|
| 650 | 0 |
_aWorking class _zSouth America _xPolitical activity. |
|
| 856 | 4 | 1 |
_3Sample text _uhttp://www.loc.gov/catdir/samples/cam032/99012564.html |
| 856 | 4 | 2 |
_3Publisher description _uhttp://www.loc.gov/catdir/description/cam029/99012564.html |
| 856 | 4 | 1 |
_3Table of contents _uhttp://www.loc.gov/catdir/toc/cam026/99012564.html |
| 906 |
_bvip _corignew _d1 _eocip _f19 _gy-gencatlg |
||
| 942 |
_2ddc _cARCH |
||
| 999 |
_c10121 _d10121 |
||